Sports Quiz

Random Sports or Tennis Quiz

2016 US Open Women's Seeds Quiz Stats

 Plays Quiz not verified by Sporcle

Challenge
Share
Tweet
Embed
Score 0/32 Timer 07:00
0 Plays Today
Seed Player % Correct
1Serena Williams
100%
6Venus Williams
100%
2Angelique Kerber
98.3%
5Simona Halep
96.7%
8Madison Keys
95.8%
4Agnieszka Radwanska
95%
3Garbine Muguruza
93.3%
7Roberta Vinci
93.3%
9Svetlana Kuznetsova
91.7%
11Carla Suarez Navarro
90%
13Johanna Konta
89.2%
14Petra Kvitova
89.2%
16Samantha Stosur
89.2%
10Karolina Pliskova
88.3%
32Monica Puig
88.3%
24Belinda Bencic
86.7%
Seed Player % Correct
27Sara Errani
85.8%
29Ana Ivanovic
85.8%
12Dominika Cibulkova
85%
20Kiki Bertens
80%
22Elina Svitolina
80%
25Caroline Garcia
79.2%
15Timea Bacsinszky
76.7%
30Misaki Doi
70.8%
17Anastasia Pavlyuchenkova
69.2%
31Timea Babos
69.2%
18Barbora Strycova
67.5%
21Irina-Camelia Begu
67.5%
28Coco Vandeweghe
64.2%
19Elena Vesnina
55.8%
26Laura Siegemund
53.3%
23Daria Kasatkina
49.2%

You're not logged in!

Compare scores with friends on all Sporcle quizzes.
OR
Log In

You Might Also Like...

Show Comments

Extras

Top Quizzes Today


Score Distribution

Your Account Isn't Verified!

In order to create a playlist on Sporcle, you need to verify the email address you used during registration. Go to your Sporcle Settings to finish the process.

Report this User

Report this user for behavior that violates our Community Guidelines.

Details: